Soberanías en disputas: justicia indígena, violencia y efectos de Estado en la Guatemala de posguerra /

Guardado en:
書目詳細資料
主要作者: Sieder, Rachel
格式: 圖書
語言:Spanish
標簽: 添加標簽
沒有標簽, 成為第一個標記此記錄!

MARC

LEADER 00000nam a22000007a 4500
003 cru CIDCACS/IIS
005 20180119161834.0
007 ta
008 180119b2013 mx |||||r|||||||| ||spa|d
999 |c 40853  |d 40853 
040 |c cru CIDCACS/IIS 
100 1 |9 6448  |a Sieder, Rachel 
245 1 |a Soberanías en disputas:  |b justicia indígena, violencia y efectos de Estado en la Guatemala de posguerra /  |c Rachel Sieder 
300 |a páginas 229-255 
773 0 |0 40848  |9 1750  |a Sierra, María Teresa  |d México: FLACSO ; CIESAS, 2013  |o 18428  |t Justicias indígenas y Estado:  |z 9786079275105 
942 |2 ddc  |c LI